000 00356 a2200121 4500
001 63424
082 _a297.48092 QAD
090 _c37481
_d37481
100 _aM.Riaz Qadri
245 _aThe Sultan of the Saints: Life & Teachings of Shaikh S.A Jaillani
_hEnglish
260 _aGujranuwala
_bAbbasi Publication Gujranuwal Pakistan
300 _aXII,300p
942 _aCAE NUST
_k297.48092 QAD
999 _c298497
_d298497